书目信息 |
| 题名: |
中国图书馆事业发展报告
|
|
| 作者: | ;国家图书馆 编 | |
| 分册: | 全民阅读卷 | |
| 出版信息: | 北京 北京大学出版社 2025.03 |
|
| 页数: | 348页 | |
| 开本: | 24cm | |
| 丛书名: | 蓝皮书系列 | |
| 单 册: | ||
| 中图分类: | G259.2 , G252.17 | |
| 科图分类: | ||
| 主题词: | 图书馆事业--研究报告--中国 , 读书活动--研究报告--中国 | |
| 电子资源: | ||
| ISBN: | 978-7-301-36040-8 | |
| 000 | 01280nam0 2200289 450 | |
| 001 | 013650519 | |
| 005 | 20251022191108.58 | |
| 010 | @a978-7-301-36040-8@dCNY98.00 | |
| 100 | @a20250611d2025 em y0chiy0120 ea | |
| 101 | 0 | @achi |
| 102 | @aCN@b110000 | |
| 105 | @aa z 000yy | |
| 106 | @ar | |
| 200 | 1 | @a中国图书馆事业发展报告@9zhong guo tu shu guan shi ye fa zhan bao gao@i全民阅读卷@dBlue book on the development of libraies in China@iNational reading volume@f国家图书馆编@zeng |
| 210 | @a北京@c北京大学出版社@d2025.03 | |
| 215 | @a348页@c图@d24cm | |
| 225 | 1 | @a蓝皮书系列 |
| 330 | @a本书以中国图书馆为研究实体,以全民阅读为研究对象,侧重从图书馆阅读资源、阅读环境、阅读推广活动、数字阅读服务、特殊群体阅读服务、全民阅读合作等视角对全民阅读事业的历史回顾、发展现状以及未来展望进行研究和探索,呈现全民阅读事业的发展进程、发展特色,总结经验,分析困难和问题,提出未来发展建议。 | |
| 461 | 0 | @12001 @a蓝皮书系列 |
| 510 | 1 | @aBlue book on the development of libraies in China@iNational reading volume@zeng |
| 606 | 0 | @a图书馆事业@x研究报告@y中国 |
| 606 | 0 | @a读书活动@x研究报告@y中国 |
| 690 | @aG259.2@v5 | |
| 690 | @aG252.17@v5 | |
| 711 | 02 | @a国家图书馆@9guo jia tu shu guan@4编 |
| 801 | 0 | @aCN@c20250911 |
| 905 | @a河南城建学院图书馆@dG259.2@eG932@ZG932@f1 | |
| 中国图书馆事业发展报告.全民阅读卷=Blue book on the development of libraies in China.National reading volume/国家图书馆编.-北京:北京大学出版社,2025.03 |
| 348页:图;24cm.-(蓝皮书系列) |
| ISBN 978-7-301-36040-8:CNY98.00 |
| 本书以中国图书馆为研究实体,以全民阅读为研究对象,侧重从图书馆阅读资源、阅读环境、阅读推广活动、数字阅读服务、特殊群体阅读服务、全民阅读合作等视角对全民阅读事业的历史回顾、发展现状以及未来展望进行研究和探索,呈现全民阅读事业的发展进程、发展特色,总结经验,分析困难和问题,提出未来发展建议。 |
| ● |
| 相关链接 |
|
|
|
正题名:中国图书馆事业发展报告
索取号:G259.2/G932
 
预约/预借
| 序号 | 登录号 | 条形码 | 馆藏地/架位号 | 状态 | 备注 |
| 1 | 1635378 | 216353782 | 社科库409/ [索取号:G259.2/G932] | 在馆 |